[Event "World Cup U18 Girls Prel"]
[Site "Tornelo INT"]
[Date "2021.08.01"]
[Round "4"]
[White "Poornima, Gupta"]
[Black "Salazar Gould, Melannie"]
[Result "1/2-1/2"]
[WhiteElo "1432"]
[BlackElo "1961"]
[PlyCount "99"]
[EventDate "2021.08.01"]
[EventType "swiss (rapid)"]
[EventRounds "10"]
[EventCountry "NET"]
[SourceTitle "EXT 2024"]
[Source "ChessBase"]
[SourceDate "2023.10.10"]
[SourceVersion "1"]
[SourceVersionDate "2023.10.10"]
[SourceQuality "1"]

1. d4 Nf6 2. c4 g6 3. Nc3 Bg7 4. Nf3 d6 5. Bg5 0-0 6. e3 Nbd7 7. Be2 c6 8. 0-0 Re8 9. Qc2 e5 10. Rfd1 Qc7 11. Rac1 Nf8 12. dxe5 dxe5 13. Bxf6 Bxf6 14. Ne4 Bg7 15. Nd6 Rd8 16. c5 Be6 17. Bc4 Bxc4 18. Nxc4 Ne6 19. b4 Rd5 20. Qe4 Rad8 21. Nd6 Rxd1+ 22. Rxd1 b6 23. Nxe5 bxc5 24. Nec4 cxb4 25. f4 Nc5 26. Qf3 a5 27. e4 Bf8 28. e5 Ne6 29. f5 Qa7+ 30. Kh1 Nd4 31. Qg4 Nxf5 32. Nxf5 Rxd1+ 33. Qxd1 gxf5 34. h3 Qe7 35. Qh5 Qe6 36. Qg5+ Qg6 37. Qd8 Qg3 38. Qxa5 Qe1+ 39. Kh2 c5 40. Qa8 Qf1 41. Qd5 Qf4+ 42. Kh1 Kh8 43. Nb6 Qf1+ 44. Kh2 Qf4+ 45. Kh1 Kg8 46. Nd7 Qf1+ 47. Kh2 Qf4+ 48. Kh1 Qf1+ 49. Kh2 Qf4+ 50. Kh1 1/2-1/2

[Event "World Cup U18 Girls Prel"]
[Site "Tornelo INT"]
[Date "2021.08.01"]
[Round "10"]
[White "Poornima, Gupta"]
[Black "Zeliantsova, Kseniya"]
[Result "0-1"]
[WhiteElo "1432"]
[BlackElo "1970"]
[PlyCount "72"]
[EventDate "2021.08.01"]
[EventType "swiss (rapid)"]
[EventRounds "10"]
[EventCountry "NET"]
[SourceTitle "EXT 2024"]
[Source "ChessBase"]
[SourceDate "2023.10.10"]
[SourceVersion "1"]
[SourceVersionDate "2023.10.10"]
[SourceQuality "1"]

1. d4 Nf6 2. c4 g6 3. Nc3 Bg7 4. Nf3 d6 5. Bg5 0-0 6. e3 Nbd7 7. Be2 e5 8. 0-0 h6 9. Bh4 Re8 10. dxe5 dxe5 11. Qc2 c6 12. Rfd1 Qc7 13. Nd2 Nf8 14. Bxf6 Bxf6 15. Nde4 Bg7 16. Nd6 Rd8 17. c5 Be6 18. b4 b6 19. Rab1 Rab8 20. cxb6 Qxb6 21. Bc4 Rxd6 22. Rxd6 Bxc4 23. Ne4 Be6 24. Rxc6 Qb7 25. Nd6 Qd7 26. Rd1 Rxb4 27. Nc8 Qb7 28. Nd6 Qb8 29. h3 Rb2 30. Qc5 Rxa2 31. Nc8 Qb2 32. Ne7+ Kh7 33. e4 a5 34. Rc1 a4 35. Nd5 a3 36. Qe7 Qxf2+ 0-1